00834nam a22002417a 450000500170000001000110001702000100002803500110003803700160004904000120006508200170007710000310009424500750012526000390020027000140023930000250025350000510027865000340032965000240036394200260038799900190041395201600043220170124110008.0 a102215 c00.00 a102215 bCen Lib/Ret aDPLbEN a352.073bALD aAlderfer, Harold F.917318 aAmerican local government and administration /cby Harold F. Alderfer  bMacmillan CompanyaNew York c1955 bNew York  axix, 662p.c20cm(Hb) aIncludes bibliographical references and index  aLocal government zUSA917319 alocal units 917320 2ddccENh352.073mALD c126356d126356 04104070aLbLd2015-06-25eCen Lib/Retg0.00l0o352.073 ALDp102215r2015-06-25 00:00:00t1v0.00w2015-06-25yENzW/d List No. 6892/1 ; dtd 26/09/2020